Iniciación al estudio didáctico de la geometría. De las construcciones a las demostraciones.

Furkejuvvon:
Bibliográfalaš dieđut
Váldodahkki: Itzcovich, Horacio (autor)
Materiálatiipa: Dovdameahttun
Giella:eaŋgalasgiella
Almmustuhtton: Buenos Aires, Argentina: Libros del Zorzal, 2005
Preanttus:1a.ed.
Ráidu:Formación Docente, Matemática, 3
Fáttát:
Fáddágilkorat: Lasit fáddágilkoriid
Eai fáddágilkorat, Lasit vuosttaš fáddágilkora!

MARC

LEADER 00000 a2200000 4500
003 CL-VaPUC
005 20220421160036.0
008 220413b2005 ||||| |||| 00| 0 eng d
999 |c 435401  |d 435399 
020 |a 987-1081-72-3 
040 |c Pontificia Universidad Católica de Valparaíso 
082 7 |a 516 ITZ 2005  |2 22 
100 |a Itzcovich, Horacio  |9 868473  |e autor 
245 1 |a Iniciación al estudio didáctico de la geometría.  |b De las construcciones a las demostraciones. 
250 |a 1a.ed.  |b Edición especial para el Ministerio de Educación.  
260 |a Buenos Aires, Argentina:  |b Libros del Zorzal,   |c 2005 
300 |a 123 páginas  
490 |a Formación Docente,  |a Matemática,   |v 3 
583 |k Cristina María Rojas Aguilar  |c 20220413 
650 0 |a Geometría   |9 264063  |x Estudio y enseñanza  
650 0 |a Geometría   |x Problemas didácticos   |9 868475 
942 |2 ddc  |c BK 
952 |0 0  |1 0  |2 ddc  |4 0  |6 516_000000000000000_ITZ_2005  |7 0  |8 A  |9 582591  |a BIBMAT  |b BIBMAT  |c E_DIDACT  |d 2022-04-13  |e 160  |g 20890.00  |i 5650595  |l 2  |o 516 ITZ 2005  |p 5650595  |r 2025-03-26  |s 2025-03-26  |t 2  |v 20890.00  |w 2022-04-13  |y BK  |k MAT 
952 |0 0  |1 0  |2 ddc  |4 0  |6 516_000000000000000_ITZ_2005  |7 0  |8 A  |9 582592  |a BIBMAT  |b BIBMAT  |c E_DIDACT  |d 2022-04-13  |e 160  |g 20890.00  |i 5650594  |o 516 ITZ 2005  |p 5650594  |r 2025-01-07  |t 1  |v 20890.00  |w 2022-04-13  |y BK  |k MAT